Powiaty graniczące z województwem mazowieckim - Statystyki

Ogólne statystyki
  • Ten quiz został rozwiązany 27 razy
    25 od ostatniego zresetowania
  • Średni wynik to 19 z 29
Odpowiedzi na mapie
Odpowiedzi zakodowano w zielono-czerwonej skali na mapie do tego quizu, zgodnie z poniższymi procentami.
 
Statystyki odpowiedzi
Województwo Powiat % Poprawnych
łódzkie skierniewicki
88%
świętokrzyskie skarżyski
83%
kujawsko-pomorskie włocławski
83%
lubelskie bialski
79%
lubelskie łukowski
79%
lubelskie puławski
79%
łódzkie łowicki
75%
łódzkie tomaszowski
75%
łódzkie kutnowski
71%
podlaskie łomżyński
71%
świętokrzyskie ostrowiecki
71%
świętokrzyskie starachowicki
71%
łódzkie rawski
67%
kujawsko-pomorskie rypiński
67%
kujawsko-pomorskie brodnicki
63%
lubelskie rycki
63%
podlaskie zambrowski
63%
warmińsko-mazurskie działdowski
58%
świętokrzyskie konecki
58%
łódzkie opoczyński
58%
podlaskie siemiatycki
58%
warmińsko-mazurskie szczycieński
58%
podlaskie wysokomazowiecki
58%
podlaskie kolneński
54%
warmińsko-mazurskie nidzicki
54%
świętokrzyskie opatowski
54%
lubelskie opolski
54%
warmińsko-mazurskie piski
54%
kujawsko-pomorskie lipnowski
50%
Nie znaleziono quizów pasujących do podanych kryteriów
Rozkład punktacji
Procent ludzi z każdym wynikiem
Percentyl według liczby udzielonych odpowiedzi
Twoja historia wyników
Nie rozwiązałeś tego quizu od ostatniego zresetowania